|
|
|
|
| LEADER |
03680nam a2200589 4500 |
| 001 |
978-3-319-94111-0 |
| 003 |
DE-He213 |
| 005 |
20191024041545.0 |
| 007 |
cr nn 008mamaa |
| 008 |
180615s2018 gw | s |||| 0|eng d |
| 020 |
|
|
|a 9783319941110
|9 978-3-319-94111-0
|
| 024 |
7 |
|
|a 10.1007/978-3-319-94111-0
|2 doi
|
| 040 |
|
|
|d GrThAP
|
| 050 |
|
4 |
|a QA76.758
|
| 072 |
|
7 |
|a UMZ
|2 bicssc
|
| 072 |
|
7 |
|a COM051230
|2 bisacsh
|
| 072 |
|
7 |
|a UMZ
|2 thema
|
| 082 |
0 |
4 |
|a 005.1
|2 23
|
| 245 |
1 |
0 |
|a Model Checking Software
|h [electronic resource] :
|b 25th International Symposium, SPIN 2018, Malaga, Spain, June 20-22, 2018, Proceedings /
|c edited by María del Mar Gallardo, Pedro Merino.
|
| 250 |
|
|
|a 1st ed. 2018.
|
| 264 |
|
1 |
|a Cham :
|b Springer International Publishing :
|b Imprint: Springer,
|c 2018.
|
| 300 |
|
|
|a XVI, 347 p. 78 illus.
|b online resource.
|
| 336 |
|
|
|a text
|b txt
|2 rdacontent
|
| 337 |
|
|
|a computer
|b c
|2 rdamedia
|
| 338 |
|
|
|a online resource
|b cr
|2 rdacarrier
|
| 347 |
|
|
|a text file
|b PDF
|2 rda
|
| 490 |
1 |
|
|a Theoretical Computer Science and General Issues ;
|v 10869
|
| 505 |
0 |
|
|a Formal verification techniques for automated analysis of software -- Formal analysis for modeling languages, such as UML/state charts -- Formal specification languages, temporal logic, design-by-contract -- Model checking -- Automated theorem proving, including SAT and SMT -- Verifying compilers -- Abstraction and symbolic execution techniques. .
|
| 520 |
|
|
|a This book constitutes the refereed proceedings of the 25th International Symposium on Model Checking Software, SPIN 2018, held in Malaga, Spain, in June 2018. The 14 papers presented, 1 short paper, and 1 demo-tool paper, were carefully reviewed and selected from 28 submissions. Topics covered include formal verification techniques for automated analysis of software; formal analysis for modeling languages, such as UML/state charts; formal specification languages, temporal logic, design-by-contract; model checking, automated theorem proving, including SAT and SMT; verifying compilers; abstraction and symbolic execution techniques; and much more. .
|
| 650 |
|
0 |
|a Software engineering.
|
| 650 |
|
0 |
|a Programming languages (Electronic computers).
|
| 650 |
|
0 |
|a Computer simulation.
|
| 650 |
|
0 |
|a Mathematical logic.
|
| 650 |
|
0 |
|a Algorithms.
|
| 650 |
|
0 |
|a Computer logic.
|
| 650 |
1 |
4 |
|a Software Engineering.
|0 http://scigraph.springernature.com/things/product-market-codes/I14029
|
| 650 |
2 |
4 |
|a Programming Languages, Compilers, Interpreters.
|0 http://scigraph.springernature.com/things/product-market-codes/I14037
|
| 650 |
2 |
4 |
|a Simulation and Modeling.
|0 http://scigraph.springernature.com/things/product-market-codes/I19000
|
| 650 |
2 |
4 |
|a Mathematical Logic and Formal Languages.
|0 http://scigraph.springernature.com/things/product-market-codes/I16048
|
| 650 |
2 |
4 |
|a Algorithm Analysis and Problem Complexity.
|0 http://scigraph.springernature.com/things/product-market-codes/I16021
|
| 650 |
2 |
4 |
|a Logics and Meanings of Programs.
|0 http://scigraph.springernature.com/things/product-market-codes/I1603X
|
| 700 |
1 |
|
|a Gallardo, María del Mar.
|e editor.
|4 edt
|4 http://id.loc.gov/vocabulary/relators/edt
|
| 700 |
1 |
|
|a Merino, Pedro.
|e editor.
|4 edt
|4 http://id.loc.gov/vocabulary/relators/edt
|
| 710 |
2 |
|
|a SpringerLink (Online service)
|
| 773 |
0 |
|
|t Springer eBooks
|
| 776 |
0 |
8 |
|i Printed edition:
|z 9783319941103
|
| 776 |
0 |
8 |
|i Printed edition:
|z 9783319941127
|
| 830 |
|
0 |
|a Theoretical Computer Science and General Issues ;
|v 10869
|
| 856 |
4 |
0 |
|u https://doi.org/10.1007/978-3-319-94111-0
|z Full Text via HEAL-Link
|
| 912 |
|
|
|a ZDB-2-SCS
|
| 912 |
|
|
|a ZDB-2-LNC
|
| 950 |
|
|
|a Computer Science (Springer-11645)
|